| 000 | 01017nam0a22002651 4500 | ||
|---|---|---|---|
| 001 | rc\1026744 | ||
| 005 | 20250622083104.0 | ||
| 035 | _a(NLR Aleph) 006190888 | ||
| 090 |
_a6165059 _c6165059 |
||
| 100 | _a20041129d1981 |||y0rusy50 ca | ||
| 101 | 0 | _arus | |
| 102 | _aRU | ||
| 105 | _aa ||||||||| | ||
| 200 | 1 |
_aГоризонты высшей школы и науки на Урале _f[Вступ. статья С.В. Вонсовского] |
|
| 210 |
_aСвердловск _cСред.-Урал. кн. изд-во _d1981 |
||
| 215 |
_a140 с., 3 л. ил. _cил. _d14 |
||
| 300 | _aНа пер. авт. не указаны | ||
| 300 | _aК 60-летию Ленинского декрета об орг. сов. высш. школы на Урале | ||
| 700 | 1 |
_aСажина _bЗ.Т. _gЗинаида Тимофеевна |
|
| 701 | 1 |
_aГлавацкий _bМ.Е. _gМихаил Ефимович |
|
| 801 | 0 |
_aRU _bNLR _gpsbo |
|
| 801 | 1 |
_aRU _bELAR _2rusmarc |
|
| 852 |
_aNLR _j81-1/128 |
||
| 942 | _cBOOK | ||
| 980 | _aNB | ||